[Event "2015 Calgary International"]
[Site "Calgary"]
[Date "2015.07.30"]
[Round "3.1"]
[White "Lenderman, Aleksandr"]
[Black "Collyer, Curt"]
[Result "1/2-1/2"]
[WhiteElo "2623"]
[BlackElo "2262"]
[PlyCount "129"]
[EventDate "2015.07.29"]
[EventType "swiss"]
[EventRounds "9"]
[EventCountry "CAN"]

1. g3 d5 2. Nf3 c6 3. Bg2 Bg4 4. d3 Nd7 5. O-O e6 6. c4 Bd6 7. cxd5 cxd5 8. Nc3
a6 9. h3 Bxf3 10. Bxf3 Ne7 11. e4 d4 12. Ne2 Qb6 13. Bg2 Nc6 14. f4 e5 15. Rb1
a5 16. Rf3 Nc5 17. Bd2 Qb5 18. Nc1 Ra6 19. f5 Be7 20. h4 Rb6 21. Bf1 Qa4 22. b3
Qa3 23. Qc2 Na6 24. Be1 Rb5 25. Qd1 Nc5 26. Rf2 Na4 27. Ne2 Nc5 28. Rg2 a4 29.
Nc1 Nd7 30. g4 h6 31. Rc2 Nc5 32. Be2 Kd7 33. Rc4 Ra8 34. Qc2 Na5 35. Bxa5 axb3
36. axb3 Raxa5 37. b4 Ra4 38. Bd1 Raxb4 39. Rbxb4 Rxb4 40. Rxc5 Bxc5 41. Qxc5
Qc3 42. Qxc3 dxc3 43. Bb3 f6 44. Kf2 Kd6 45. Ke2 Rb6 46. Kd1 Kc5 47. Kc2 Kd4
48. Na2 Ke3 49. h5 Rc6 50. Bd5 Rc7 51. Nxc3 Kf3 52. Kd2 Kxg4 53. Nb5 Re7 54.
Ke3 Kxh5 55. Kf3 Kh4 56. Nd6 h5 57. Nxb7 Kh3 58. Nc5 Ra7 59. Ne6 h4 60. d4 exd4
61. Nxd4 Ra3+ 62. Bb3 Kh2 63. Kf2 Kh3 64. Kf3 Kh2 65. Kf2 1/2-1/2

[Event "2015 Calgary International"]
[Site "Calgary"]
[Date "2015.07.30"]
[Round "3.2"]
[White "Piasetski, Leon"]
[Black "Roiz, Michael"]
[Result "1/2-1/2"]
[WhiteElo "2289"]
[BlackElo "2595"]
[PlyCount "59"]
[EventDate "2015.07.29"]
[EventType "swiss"]
[EventRounds "9"]
[EventCountry "CAN"]

1. Nf3 d5 2. g3 g6 3. d4 Bg7 4. Bg2 Nf6 5. O-O O-O 6. c4 dxc4 7. Na3 c3 8. bxc3
c5 9. Nc4 Nc6 10. Nce5 Nd5 11. Bd2 Nxe5 12. Nxe5 Be6 13. f4 cxd4 14. cxd4 Rc8
15. e3 Rc7 16. Rc1 Nb6 17. Rxc7 Qxc7 18. Qb1 Rc8 19. Rc1 Qb8 20. e4 Rxc1+ 21.
Qxc1 f6 22. d5 Bxd5 23. Nxg6 hxg6 24. exd5 Qd6 25. Be3 f5 26. h4 Kf7 27. Bxb6
Qxb6+ 28. Kh2 Bf6 29. Qc2 Qb2 30. Qc8 1/2-1/2

[Event "2015 Calgary International"]
[Site "Calgary"]
[Date "2015.07.30"]
[Round "3.3"]
[White "Shabalov, Alexander"]
[Black "Mikhalevski, Victor"]
[Result "1-0"]
[WhiteElo "2538"]
[BlackElo "2526"]
[PlyCount "83"]
[EventDate "2015.07.29"]
[EventType "swiss"]
[EventRounds "9"]
[EventCountry "CAN"]

1. d4 Nf6 2. c4 g6 3. f3 Nh5 4. Bg5 Bg7 5. Qd2 Nc6 6. d5 h6 7. Bh4 Ne5 8. e3 d6
9. Nc3 c6 10. Be2 Qb6 11. Rc1 Nf6 12. Na4 Qc7 13. Nc3 Qb6 14. f4 Ned7 15. Nh3
Nc5 16. Nf2 O-O 17. O-O Re8 18. Kh1 cxd5 19. cxd5 Bd7 20. e4 Rac8 21. Bf3 Nh5
22. Rfe1 e5 23. dxe6 Bxe6 24. Nfd1 Qa6 25. b4 Qd3 26. Rc2 Qxd2 27. Rxd2 Na6 28.
Nb5 g5 29. Bg3 Nxb4 30. f5 Bxa2 31. Nxd6 Red8 32. e5 Nf4 33. Ne3 Rc3 34. f6 Bh8
35. Nef5 Ng6 36. Nxh6+ Kf8 37. Rxa2 Nxa2 38. Nhxf7 Rxd6 39. Nxd6 Nb4 40. Ne4
Nd3 41. Nxc3 Nxe1 42. Be4 1-0

[Event "2015 Calgary International"]
[Site "Calgary"]
[Date "2015.07.30"]
[Round "3.4"]
[White "Yam, Alex"]
[Black "Nguyen, Kim"]
[Result "1-0"]
[WhiteElo "2306"]
[BlackElo "2113"]
[PlyCount "71"]
[EventDate "2015.07.29"]
[EventType "swiss"]
[EventRounds "9"]
[EventCountry "CAN"]

1. e4 c5 2. Nf3 d6 3. d4 cxd4 4. Nxd4 Nf6 5. Nc3 a6 6. h3 e5 7. Nb3 Be6 8. g4
d5 9. Bg2 d4 10. Ne2 Nc6 11. f4 Nd7 12. O-O Bxb3 13. axb3 Bc5 14. Kh1 h5 15. g5
h4 16. c3 Ba7 17. b4 dxc3 18. bxc3 Nb6 19. Qb3 Qd3 20. fxe5 Qc4 21. Qxc4 Nxc4
22. e6 fxe6 23. Nf4 e5 24. Ne6 Kd7 25. Nxg7 Rad8 26. g6 Rdg8 27. Rf7+ Kc8 28.
Nf5 Rxg6 29. b5 Rhg8 30. bxc6 Rxg2 31. Ne7+ Kb8 32. c7+ Ka8 33. Nxg8 Rg1+ 34.
Kh2 Rxg8 35. Rd7 Bb6 36. Bg5 1-0

[Event "2015 Calgary International"]
[Site "Calgary"]
[Date "2015.07.30"]
[Round "3.5"]
[White "Kostadinov, Georgi"]
[Black "Humphreys, Michael"]
[Result "0-1"]
[WhiteElo "2089"]
[BlackElo "2207"]
[PlyCount "67"]
[EventDate "2015.07.29"]
[EventType "swiss"]
[EventRounds "9"]
[EventCountry "CAN"]

1. d4 Nf6 2. c4 e6 3. Nf3 b6 4. g3 Bb7 5. Bg2 Bb4+ 6. Bd2 Bxd2+ 7. Nbxd2 O-O 8.
O-O c5 9. e3 cxd4 10. exd4 d5 11. Ne5 Nc6 12. Nxc6 Bxc6 13. Rc1 Rc8 14. c5 Bb5
15. Re1 bxc5 16. dxc5 Qa5 17. Re3 Nd7 18. a3 Rxc5 19. Rxc5 Nxc5 20. b4 Qa4 21.
Qb1 Nd7 22. Bf3 d4 23. Rb3 Rc8 24. Bd1 Qa6 25. Bc2 g6 26. Bd3 Bxd3 27. Qxd3
Rc1+ 28. Kg2 Qc6+ 29. Qf3 Qc2 30. Qd3 e5 31. Kf3 e4+ 32. Kxe4 Qc6+ 33. Kxd4
Qd6+ 34. Ke4 0-1

[Event "2015 Calgary International"]
[Site "Calgary"]
[Date "2015.07.30"]
[Round "3.6"]
[White "Kazmaier, Daniel"]
[Black "Gardner, Robert"]
[Result "1-0"]
[WhiteElo "2198"]
[BlackElo "2138"]
[PlyCount "53"]
[EventDate "2015.07.29"]
[EventType "swiss"]
[EventRounds "9"]
[EventCountry "CAN"]

1. e4 g6 2. Nc3 Bg7 3. f4 c6 4. Nf3 d5 5. d4 dxe4 6. Nxe4 Bg4 7. c3 Nd7 8. Bc4
Nh6 9. O-O O-O 10. Qe1 Qc7 11. Ne5 Nf6 12. Nxg4 Nhxg4 13. Ng5 c5 14. h3 cxd4
15. Bxf7+ Rxf7 16. hxg4 Qb6 17. Nxf7 Kxf7 18. g5 Ng4 19. Kh1 dxc3 20. bxc3 h6
21. f5 hxg5 22. fxg6+ Kg8 23. Qg3 Qe6 24. Bxg5 Be5 25. Qh3 Qxg6 26. Qxg4 Kg7
27. Rf3 1-0

[Event "2015 Calgary International"]
[Site "Calgary"]
[Date "2015.07.30"]
[Round "3.7"]
[White "Daniluk, Jim"]
[Black "Ng, Gary"]
[Result "1/2-1/2"]
[WhiteElo "1978"]
[BlackElo "2194"]
[PlyCount "75"]
[EventDate "2015.07.29"]
[EventType "swiss"]
[EventRounds "9"]
[EventCountry "CAN"]

1. d4 Nf6 2. Nf3 b5 3. e3 a6 4. c4 bxc4 5. Bxc4 e6 6. Nc3 Bb7 7. O-O Be7 8. Bd3
O-O 9. e4 c5 10. d5 exd5 11. exd5 d6 12. Qb3 Qc7 13. Re1 Re8 14. a4 Nbd7 15. a5
Ng4 16. Bf4 Rab8 17. Qd1 c4 18. Rxe7 Rxe7 19. Bxh7+ Kxh7 20. Ng5+ Kg8 21. Qxg4
Nf6 22. Qg3 Qxa5 23. Rf1 Rd8 24. Bxd6 Nh5 25. Qh4 Rxd6 26. Qxh5 Rh6 27. Qg4 f6
28. d6 Qxg5 29. Qxg5 fxg5 30. dxe7 Re6 31. Rd1 Kf7 32. Kf1 Kxe7 33. Nd5+ Bxd5
34. Rxd5 Kf6 35. Rc5 Rb6 36. Rxc4 Rxb2 37. Rc6+ Kf5 38. Rxa6 1/2-1/2

[Event "2015 Calgary International"]
[Site "Calgary"]
[Date "2015.07.30"]
[Round "3.8"]
[White "Richardson, Kai"]
[Black "Haessel, Dale"]
[Result "1/2-1/2"]
[WhiteElo "1775"]
[BlackElo "2180"]
[PlyCount "61"]
[EventDate "2015.07.29"]
[EventType "swiss"]
[EventRounds "9"]
[EventCountry "CAN"]

1. d4 Nf6 2. c4 g6 3. Nc3 d5 4. cxd5 Nxd5 5. e4 Nxc3 6. bxc3 Bg7 7. Bc4 c5 8.
Nf3 Nc6 9. e5 O-O 10. O-O Bg4 11. Be3 Qa5 12. Qb3 Bxf3 13. gxf3 Qc7 14. Rac1
Na5 15. Qa4 Nxc4 16. Qxc4 Rac8 17. f4 cxd4 18. Qxc7 Rxc7 19. cxd4 Rfc8 20. d5
Rxc1 21. Rxc1 Rxc1+ 22. Bxc1 Kf8 23. Kg2 g5 24. Kf3 gxf4 25. Bxf4 e6 26. Ke4
Ke7 27. d6+ Kd7 28. Be3 b6 29. f4 f5+ 30. Kd4 Kc6 31. a4 1/2-1/2

[Event "2015 Calgary International"]
[Site "Calgary"]
[Date "2015.07.30"]
[Round "3.9"]
[White "Yao, Sammy"]
[Black "Ebrahim-Shirazi, Behrooz"]
[Result "0-1"]
[WhiteElo "2041"]
[BlackElo "2072"]
[PlyCount "106"]
[EventDate "2015.07.29"]
[EventType "swiss"]
[EventRounds "9"]
[EventCountry "CAN"]

1. c4 e5 2. g3 Nf6 3. Bg2 g6 4. Nc3 Bg7 5. e4 O-O 6. Nge2 Nc6 7. O-O Nd4 8. d3
d6 9. Nxd4 exd4 10. Nb5 c5 11. Bf4 Ne8 12. Rb1 a6 13. Na3 Nf6 14. b4 Nh5 15.
Bd2 Qe7 16. bxc5 dxc5 17. f4 Nf6 18. h3 Rb8 19. g4 Nd7 20. Be1 b6 21. Bg3 Bb7
22. g5 Bc6 23. Bf3 Rb7 24. Bg4 f6 25. h4 fxg5 26. hxg5 h6 27. Bh4 hxg5 28. Bxg5
Bf6 29. Bh6 Rf7 30. e5 Rh7 31. Bf3 Qe6 32. Bg4 Qe8 33. Bf3 Nb8 34. Bxc6 Qxc6
35. Qf3 Rxh6 36. exf6 Qxf3 37. Rxf3 Nc6 38. Nc2 Kf7 39. f5 Ne5 40. Rg3 g5 41.
Rf1 Kxf6 42. a4 Rbh7 43. Ne1 Rh1+ 44. Kf2 Rxf1+ 45. Kxf1 Kxf5 46. Ke2 Kf4 47.
Rg2 Ng4 48. Kd2 Rh1 49. Ke2 Rh2 50. Rxh2 Nxh2 51. Ng2+ Kg3 52. Ne1 g4 53. Nc2
Nf3 0-1

[Event "2015 Calgary International"]
[Site "Calgary"]
[Date "2015.07.30"]
[Round "3.10"]
[White "Sklenka, Steve"]
[Black "Wang, Jeff"]
[Result "1/2-1/2"]
[WhiteElo "1440"]
[BlackElo "1666"]
[PlyCount "74"]
[EventDate "2015.07.29"]
[EventType "swiss"]
[EventRounds "9"]
[EventCountry "CAN"]

1. d4 Nf6 2. c4 e6 3. Nc3 Bb4 4. Bd2 c5 5. e3 cxd4 6. exd4 d5 7. Nf3 Nc6 8. a3
Bxc3 9. Bxc3 O-O 10. Bd3 dxc4 11. Bxc4 a6 12. O-O b5 13. Ba2 Bb7 14. Re1 Ne7
15. Bb4 Re8 16. Rc1 Ned5 17. Bc5 Rc8 18. b4 Nb6 19. Qd3 Bd5 20. Bxd5 Nbxd5 21.
Qd2 Qc7 22. h3 Qf4 23. Qxf4 Nxf4 24. Rcd1 N6d5 25. g3 Ng6 26. Rc1 Red8 27. Rc2
Rd7 28. Rec1 Rdc7 29. Ng5 Nf6 30. Re1 h6 31. Nf3 Kh7 32. Nd2 Rd7 33. Rcc1 Ne7
34. Nf3 Ng6 35. Kg2 Rd5 36. Rcd1 Rcd8 37. Rc1 Rc8 1/2-1/2

[Event "2015 Calgary International"]
[Site "Calgary"]
[Date "2015.07.31"]
[Round "4.1"]
[White "Roiz, Michael"]
[Black "Shabalov, Alexander"]
[Result "1/2-1/2"]
[WhiteElo "2595"]
[BlackElo "253"]
[PlyCount "64"]
[EventDate "2015.07.29"]
[EventType "swiss"]
[EventRounds "9"]
[EventCountry "CAN"]

1. Nf3 Nf6 2. c4 c6 3. d4 d5 4. e3 Bf5 5. Nc3 e6 6. Nh4 Be4 7. f3 Bg6 8. Qb3 b5
9. cxd5 exd5 10. g3 Bd6 11. Bg2 Nbd7 12. Nxg6 hxg6 13. O-O Nf8 14. Ne2 Ne6 15.
Bd2 O-O 16. Rac1 c5 17. dxc5 Nxc5 18. Qc2 Ne6 19. Rfd1 Re8 20. Be1 Bc5 21. Bf2
Qb6 22. Qd2 a5 23. Nd4 a4 24. Qd3 b4 25. Rd2 b3 26. axb3 Bxd4 27. exd4 axb3 28.
Rc3 Reb8 29. Bf1 Ne8 30. Be2 Ra4 31. Bd1 Rb4 32. Qe2 Nd6 1/2-1/2

[Event "2015 Calgary International"]
[Site "Calgary"]
[Date "2015.07.31"]
[Round "4.2"]
[White "Humphreys, Michael"]
[Black "Lenderman, Aleksandr"]
[Result "0-1"]
[WhiteElo "2207"]
[BlackElo "2623"]
[PlyCount "224"]
[EventDate "2015.07.29"]
[EventType "swiss"]
[EventRounds "9"]
[EventCountry "CAN"]

1. d4 Nf6 2. c4 e6 3. Nf3 d5 4. Nc3 Bb4 5. e3 O-O 6. Bd3 b6 7. O-O Bb7 8. cxd5
exd5 9. Ne5 Qc8 10. Qf3 Re8 11. Bf5 Qd8 12. Qh3 Bc8 13. Bxc8 Qxc8 14. Qxc8 Rxc8
15. Bd2 Bd6 16. Rfd1 c6 17. Rac1 Na6 18. Nd3 Nc7 19. Na4 Ne6 20. Bb4 Bb8 21.
Be7 Nd7 22. Bh4 Bd6 23. Bg3 Be7 24. Ne5 Nxe5 25. Bxe5 f6 26. Bg3 Kf7 27. Rc2
Ke8 28. Kf1 Kd7 29. h3 g5 30. Ke2 h5 31. Rdc1 b5 32. Nc3 a5 33. Nb1 a4 34. Nd2
Ra6 35. Nf3 Ng7 36. Bh2 Nf5 37. Ne1 Re8 38. Kf1 Bf8 39. Nd3 Re6 40. a3 Re8 41.
Re2 Ng7 42. g4 Raa8 43. f3 hxg4 44. hxg4 Ne6 45. Bg3 Be7 46. Rh2 Rh8 47. Rxh8
Rxh8 48. Kg2 Nd8 49. Be1 Bd6 50. Bg3 Nb7 51. Bxd6 Nxd6 52. Rc2 Kc7 53. Nb4 Nc4
54. Re2 Kd6 55. Nd3 Rh4 56. Re1 Rh7 57. Kg3 Kc7 58. Kg2 Kb6 59. Kg3 Nd6 60. Kg2
Re7 61. Kf2 Kb7 62. Rh1 Kc7 63. Rc1 Rh7 64. Kg2 Rh8 65. Re1 Rh6 66. Re2 Rh7 67.
Re1 Rh8 68. Re2 Rh6 69. Re1 Rh7 70. Re2 f5 71. gxf5 Nxf5 72. Re1 Kd6 73. Nb4
Rh4 74. Nd3 g4 75. fxg4 Rxg4+ 76. Kf3 Rh4 77. Kg2 Rh7 78. Re2 Rg7+ 79. Kf3 Re7
80. Kf2 Rh7 81. Kg2 Rh4 82. Re1 Rh7 83. Re2 Rf7 84. Re1 Rg7+ 85. Kf2 Rg8 86.
Rh1 Rf8 87. Nf4 Nxd4 88. Rh6+ Kc7 89. exd4 Rxf4+ 90. Ke3 Rg4 91. Kd3 Rg3+ 92.
Kc2 Re3 93. Rg6 Kd7 94. Rh6 Re6 95. Rh8 Kc7 96. Kc3 Rd6 97. Kb4 Rd8 98. Rh7+
Kb6 99. Rh6 Re8 100. Kc3 Re3+ 101. Kc2 b4 102. axb4 Kb5 103. Rg6 Rb3 104. Rh6
Rxb4 105. Kc3 Rc4+ 106. Kd3 Kb4 107. Rh8 Kb3 108. Rb8+ Rb4 109. Rc8 Kxb2 110.
Rxc6 a3 111. Rc2+ Kb1 112. Rh2 Rb3+ 0-1

[Event "2015 Calgary International"]
[Site "Calgary"]
[Date "2015.07.31"]
[Round "4.3"]
[White "Mikhalevski, Victor"]
[Black "Piasetski, Leon"]
[Result "1-0"]
[WhiteElo "2526"]
[BlackElo "2289"]
[PlyCount "117"]
[EventDate "2015.07.29"]
[EventType "swiss"]
[EventRounds "9"]
[EventCountry "CAN"]

1. c4 c6 2. Nf3 d5 3. e3 Nf6 4. Nc3 a6 5. Qc2 g6 6. d4 Bf5 7. Bd3 e6 8. O-O
dxc4 9. Bxf5 gxf5 10. e4 fxe4 11. Nxe4 Nxe4 12. Qxe4 Qd5 13. Qe2 Nd7 14. Bf4
Bg7 15. Rac1 b5 16. Rfd1 O-O 17. Ne5 f6 18. Ng4 Rf7 19. h4 Kh8 20. b3 cxb3 21.
axb3 Rg8 22. g3 Bf8 23. Kh2 Nb6 24. Re1 Rg6 25. Ne3 Qd7 26. Qc2 Ba3 27. Ra1 b4
28. Qe2 a5 29. Nc2 Nd5 30. Bd2 Re7 31. Nxa3 bxa3 32. Rxa3 e5 33. Rxa5 e4 34.
Ra8+ Rg8 35. Rxg8+ Kxg8 36. Qh5 Qe8 37. Qf5 Qg6 38. Qc8+ Qe8 39. Qg4+ Qg6 40.
Qc8+ Qe8 41. Qh3 e3 42. Qg4+ Kh8 43. fxe3 Nxe3 44. Bxe3 Rxe3 45. Rxe3 Qxe3 46.
Qc8+ Kg7 47. Qd7+ Kg6 48. Qg4+ Kf7 49. Qd7+ Kg6 50. Qg4+ Kf7 51. Kh3 Qd3 52.
Qd7+ Kg6 53. Qe8+ Kf5 54. Qxc6 h5 55. Qc4 Qe4 56. Kh2 Kg4 57. Qf1 Qxd4 58. Qc4
Qxc4 59. bxc4 1-0

[Event "2015 Calgary International"]
[Site "Calgary"]
[Date "2015.07.31"]
[Round "4.4"]
[White "Collyer, Curt"]
[Black "Yam, Alex"]
[Result "0-1"]
[WhiteElo "2262"]
[BlackElo "2306"]
[PlyCount "78"]
[EventDate "2015.07.29"]
[EventType "swiss"]
[EventRounds "9"]
[EventCountry "CAN"]

1. d4 Nf6 2. c4 c5 3. d5 b5 4. cxb5 a6 5. bxa6 g6 6. Nc3 Bg7 7. e4 d6 8. f4 O-O
9. Nf3 Bg4 10. Be2 Bxf3 11. Bxf3 Nfd7 12. O-O Nxa6 13. Re1 Nb4 14. Be3 Bd4 15.
a3 Bxe3+ 16. Rxe3 Qb6 17. Kf2 Na6 18. Rb1 c4 19. Qe2 Rac8 20. Kf1 Nac5 21. Bg4
e6 22. dxe6 fxe6 23. Rf3 Nf6 24. Bh3 Kh8 25. g3 Rc7 26. Kg2 Qb7 27. Re1 d5 28.
e5 Nh5 29. Rd1 Ng7 30. Kg1 Nf5 31. Bxf5 gxf5 32. Qc2 Rb8 33. Rf2 Qa7 34. Kh1
Rcb7 35. Rb1 Nd3 36. Nd1 Nxf2+ 37. Nxf2 Rb3 38. Nd1 Qd4 39. Nc3 Qxc3 0-1

[Event "2015 Calgary International"]
[Site "Calgary"]
[Date "2015.07.31"]
[Round "4.5"]
[White "Ng, Gary"]
[Black "Kazmaier, Daniel"]
[Result "1-0"]
[WhiteElo "2194"]
[BlackElo "2198"]
[PlyCount "81"]
[EventDate "2015.07.29"]
[EventType "swiss"]
[EventRounds "9"]
[EventCountry "CAN"]

1. b4 d5 2. Bb2 Nf6 3. Nf3 Bf5 4. e3 e6 5. c4 Nbd7 6. b5 Bd6 7. Nc3 O-O 8. d4
dxc4 9. Bxc4 e5 10. dxe5 Bxe5 11. O-O Bg4 12. h3 Bh5 13. Be2 Bxf3 14. Bxf3 Nc5
15. Na4 Bxb2 16. Nxb2 Qe7 17. Qc2 a6 18. Rac1 Nfd7 19. Na4 Nxa4 20. Qxa4 axb5
21. Qxb5 Ne5 22. Qxb7 Nxf3+ 23. Qxf3 Rxa2 24. Qb7 Qe5 25. Rxc7 g6 26. Re7 Qf6
27. e4 Rb2 28. Qc7 Rc2 29. Qxc2 Qxe7 30. f4 Re8 31. e5 Qb4 32. Qc6 Rd8 33. e6
Qd4+ 34. Kh2 Qd6 35. exf7+ Kxf7 36. Qf3 Qd3 37. Qf2 Re8 38. Ra1 Re7 39. Qh4 h5
40. Qg5 Qc4 41. f5 1-0

[Event "2015 Calgary International"]
[Site "Calgary"]
[Date "2015.07.31"]
[Round "4.6"]
[White "Haessel, Dale"]
[Black "Daniluk, Jim"]
[Result "1-0"]
[WhiteElo "2180"]
[BlackElo "1978"]
[PlyCount "101"]
[EventDate "2015.07.29"]
[EventType "swiss"]
[EventRounds "9"]
[EventCountry "CAN"]

1. d4 Nf6 2. c4 Nc6 3. Nf3 e6 4. e3 Bb4+ 5. Nbd2 Be7 6. Bd3 d6 7. O-O O-O 8. a3
e5 9. b4 exd4 10. exd4 d5 11. b5 dxc4 12. Nxc4 Nb8 13. Qc2 Bg4 14. Nfe5 Be6 15.
Bb2 Nbd7 16. Rac1 Nb6 17. Na5 Bd5 18. Rfe1 Bd6 19. Re3 h6 20. Rce1 Rb8 21. Bc1
Re8 22. Rg3 Nh5 23. Rh3 Nf6 24. Bxh6 Bxe5 25. dxe5 gxh6 26. Qd2 Ng4 27. Rg3 Qg5
28. Qxg5+ hxg5 29. Rxg4 f6 30. f4 Nd7 31. Bc4 Nb6 32. fxg5 fxe5 33. Bxd5+ Nxd5
34. Rge4 Nc3 35. Rxe5 Rxe5 36. Rxe5 Rd8 37. Nxb7 Rd1+ 38. Kf2 Rd2+ 39. Kf3 Ra2
40. h4 Rxa3 41. Kg4 Ra2 42. g3 Ne2 43. Nc5 Rc2 44. Kf5 Nxg3+ 45. Kg6 Re2 46.
Rxe2 Nxe2 47. Ne6 Nc3 48. Nxc7 Ne2 49. h5 Nf4+ 50. Kh6 Nd3 51. Nd5 1-0

[Event "2015 Calgary International"]
[Site "Calgary"]
[Date "2015.07.31"]
[Round "4.7"]
[White "Ebrahim-Shirazi, Behrooz"]
[Black "Richardson, Kai"]
[Result "1/2-1/2"]
[WhiteElo "2072"]
[BlackElo "1775"]
[PlyCount "89"]
[EventDate "2015.07.29"]
[EventType "swiss"]
[EventRounds "9"]
[EventCountry "CAN"]

1. d4 d5 2. c4 c6 3. Nf3 Nf6 4. e3 e6 5. Nc3 Be7 6. Qc2 O-O 7. Be2 dxc4 8. Bxc4
b5 9. Be2 a6 10. O-O Bb7 11. a4 b4 12. Ne4 Nxe4 13. Qxe4 a5 14. Bd3 g6 15. Bc4
Qc7 16. b3 Nd7 17. Bb2 c5 18. Qg4 Bf6 19. Rac1 Rac8 20. h4 Nb6 21. Bd3 Qd7 22.
h5 cxd4 23. hxg6 hxg6 24. Nxd4 e5 25. Bf5 Qd5 26. e4 Qd8 27. Bxc8 Bxc8 28. Nf5
Bg5 29. Rfd1 gxf5 30. exf5 Qe7 31. Bxe5 Qxe5 32. Qxg5+ Qg7 33. Qf4 Bb7 34. Qh2
Nd5 35. f3 Nc3 36. Rd2 Bxf3 37. Re1 Rc8 38. Qf4 Ne2+ 39. Rdxe2 Bxe2 40. Rxe2
Qa1+ 41. Kf2 Qf6 42. g4 Qh4+ 43. Kg2 Rc3 44. f6 Qh3+ 45. Kf2 1/2-1/2

[Event "2015 Calgary International"]
[Site "Calgary"]
[Date "2015.07.31"]
[Round "4.8"]
[White "Nguyen, Kim"]
[Black "Gardner, Robert"]
[Result "0-1"]
[WhiteElo "2113"]
[BlackElo "2138"]
[PlyCount "60"]
[EventDate "2015.07.29"]
[EventType "swiss"]
[EventRounds "9"]
[EventCountry "CAN"]

1. e4 g6 2. d4 Bg7 3. Nc3 c6 4. Be3 d6 5. h3 Nf6 6. Qd2 O-O 7. Nf3 Nbd7 8. Bh6
e5 9. dxe5 dxe5 10. Bxg7 Kxg7 11. O-O-O Qe7 12. g4 Nc5 13. Qe3 b5 14. Bd3 a5
15. Ne2 Na4 16. c3 b4 17. Bc2 Nc5 18. Ng3 Rb8 19. Rdg1 b3 20. axb3 Nxb3+ 21.
Bxb3 Rxb3 22. Qg5 Re8 23. Nh4 Kh8 24. Rh2 a4 25. Rhg2 Ng8 26. Qxe7 Rxe7 27. f3
Reb7 28. Rd1 a3 29. bxa3 Rb1+ 30. Kd2 R7b2+ 0-1

[Event "2015 Calgary International"]
[Site "Calgary"]
[Date "2015.07.31"]
[Round "4.9"]
[White "Sklenka, Steve"]
[Black "Kostadinov, Georgi"]
[Result "1/2-1/2"]
[WhiteElo "1440"]
[BlackElo "2089"]
[PlyCount "113"]
[EventDate "2015.07.29"]
[EventType "swiss"]
[EventRounds "9"]
[EventCountry "CAN"]

1. d4 d5 2. c4 c6 3. Nc3 Nf6 4. Nf3 a6 5. e3 Bg4 6. cxd5 cxd5 7. Be2 Nc6 8. O-O
e6 9. a3 Rc8 10. Na4 Ne4 11. h3 Bh5 12. Nd2 Nxd2 13. Bxd2 Bg6 14. Nc5 Bxc5 15.
dxc5 O-O 16. b4 Qe7 17. Bc3 Rfd8 18. Bd3 e5 19. Bxg6 hxg6 20. Re1 Qc7 21. Bd2
e4 22. Bc3 b6 23. cxb6 Qxb6 24. Rc1 a5 25. bxa5 Nxa5 26. Qd4 Qxd4 27. Bxd4 Nc4
28. a4 Ra8 29. Ra1 Rdb8 30. Bc3 Rb3 31. Rec1 Na3 32. a5 Nc4 33. a6 Na3 34. a7
Rxa7 35. Bd4 Rd7 36. Rc8+ Kh7 37. Bc5 Rb1+ 38. Rxb1 Nxb1 39. Bb4 Rb7 40. Bc5
Nd2 41. Ba3 Nc4 42. Bc5 Rb1+ 43. Kh2 Ne5 44. Bd4 Nd3 45. Rc7 Rf1 46. Rxf7 Rxf2
47. Rxf2 Nxf2 48. Kg3 Nd3 49. Kg4 Kg8 50. Kg5 Kf7 51. Bc3 Nc5 52. Kf4 Nd3+ 53.
Kg5 Nf2 54. Kf4 Nd3+ 55. Kg5 Nc1 56. Bb2 Nd3 57. Bd4 1/2-1/2

[Event "2015 Calgary International"]
[Site "Calgary"]
[Date "2015.07.31"]
[Round "4.10"]
[White "Wang, Jeff"]
[Black "Yao, Sammy"]
[Result "1-0"]
[WhiteElo "1666"]
[BlackElo "2041"]
[PlyCount "91"]
[EventDate "2015.07.29"]
[EventType "swiss"]
[EventRounds "9"]
[EventCountry "CAN"]

1. e4 d6 2. d4 g6 3. Nc3 Bg7 4. Be3 a6 5. Qd2 b5 6. f3 Bb7 7. O-O-O Nd7 8. h4
h5 9. Nh3 Ngf6 10. Kb1 b4 11. Ne2 c5 12. Ng5 Qa5 13. dxc5 dxc5 14. Nf4 Ne5 15.
Qf2 Rc8 16. Nd5 Bxd5 17. exd5 c4 18. Qe1 c3 19. Bd4 Ned7 20. Ne4 O-O 21. d6 e5
22. Be3 Nd5 23. b3 Rc6 24. g4 Nxe3 25. Qxe3 Qa3 26. Qc1 Qxc1+ 27. Kxc1 Bh6+ 28.
Kb1 hxg4 29. fxg4 f5 30. gxf5 gxf5 31. Rg1+ Kh7 32. Ng5+ Bxg5 33. Rxg5 Rf6 34.
Bh3 Rcxd6 35. Rdg1 Rf7 36. Rh5+ Rh6 37. Bxf5+ Rxf5 38. Rxf5 Nf6 39. Rxe5 Rxh4
40. a3 bxa3 41. Ra5 Ne4 42. Rxa3 Nd2+ 43. Ka2 Rh6 44. Ra4 Nf3 45. Rg3 Rf6 46.
Rc4 1-0

[Event "2015 Calgary International"]
[Site "Calgary"]
[Date "2015.08.01"]
[Round "5.1"]
[White "Shabalov, Alexander"]
[Black "Lenderman, Aleksandr"]
[Result "0-1"]
[WhiteElo "2526"]
[BlackElo "2623"]
[PlyCount "58"]
[EventDate "2015.07.29"]
[EventType "swiss"]
[EventRounds "9"]
[EventCountry "CAN"]

1. d4 Nf6 2. c4 e6 3. Nc3 Bb4 4. f3 c5 5. d5 O-O 6. e4 Re8 7. Nge2 d6 8. Ng3 b5
9. Be2 bxc4 10. O-O Bxc3 11. bxc3 exd5 12. Bg5 Nbd7 13. Qd2 h6 14. Bh4 Nb6 15.
Nh5 Nxe4 16. fxe4 Qxh4 17. Rf4 Qg5 18. Raf1 Re7 19. h4 Qe5 20. Bf3 d4 21. Kh1
Be6 22. g4 Nd7 23. g5 hxg5 24. hxg5 dxc3 25. Qh2 c2 26. Rg1 Qc3 27. Nf6+ Nxf6
28. gxf6 c1=Q 29. e5 Q3e3 0-1

[Event "2015 Calgary International"]
[Site "Calgary"]
[Date "2015.08.01"]
[Round "5.2"]
[White "Yam, Alex"]
[Black "Mikhalevski, Victor"]
[Result "0-1"]
[WhiteElo "2306"]
[BlackElo "2526"]
[PlyCount "64"]
[EventDate "2015.07.29"]
[EventType "swiss"]
[EventRounds "9"]
[EventCountry "CAN"]

1. e4 e5 2. Nc3 Nf6 3. f4 d5 4. fxe5 Nxe4 5. Nf3 Bc5 6. d4 Bb4 7. Bd2 c5 8. a3
Bxc3 9. bxc3 Nc6 10. Be2 O-O 11. O-O Qa5 12. Rb1 cxd4 13. Rb5 Qa4 14. cxd4 Nxd4
15. Rxd5 Nxe2+ 16. Qxe2 Nxd2 17. Qxd2 Qxa3 18. Ng5 Be6 19. Ra5 Qe7 20. Ne4 b6
21. Raa1 Rac8 22. Rf3 Bg4 23. Rfa3 Qxe5 24. Nf2 Bf5 25. Rxa7 Rxc2 26. Qd1 h6
27. Qf3 Rfc8 28. g4 Be6 29. Ra8 Bd5 30. Rxc8+ Rxc8 31. Qd1 Rc3 32. Rb1 Rg3+ 0-1

[Event "2015 Calgary International"]
[Site "Calgary"]
[Date "2015.08.01"]
[Round "5.3"]
[White "Ng, Gary"]
[Black "Roiz, Michael"]
[Result "0-1"]
[WhiteElo "2194"]
[BlackElo "2595"]
[PlyCount "40"]
[EventDate "2015.07.29"]
[EventType "swiss"]
[EventRounds "9"]
[EventCountry "CAN"]

1. b4 Nf6 2. Bb2 g6 3. c4 Bg7 4. Nf3 O-O 5. d4 d6 6. Qb3 c5 7. e3 Nc6 8. a3
cxd4 9. exd4 e5 10. d5 Nd4 11. Nxd4 exd4 12. Bd3 Re8+ 13. Kf1 Ng4 14. Nd2 Qh4
15. g3 Qf6 16. f3 Re3 17. Kg2 Bf5 18. fxg4 Bxd3 19. Qd1 Re2+ 20. Kh3 Qf2 0-1